| 000 | 00648pam a2200169 a 4500 | ||
|---|---|---|---|
| 020 | _a0470216972 (Wiley) | ||
| 020 | _a058230122X | ||
| 082 | 0 | 0 |
_a551.41 _bMIT _cL-38, P-78 |
| 100 | 1 |
_aMitchell, Colin W. _940362 |
|
| 245 | 1 | 0 |
_aTerrain evaluation : _ban introductory handbook to the history, principles, and methods of practical terrain assessment / _cColin W. Mitchell. |
| 250 | _a2nd ed. | ||
| 260 |
_aHarlow, Essex, England : _bLongman Scientific & Technical ; _aNew York : _bJ. Wiley, _c1991. |
||
| 300 |
_axviii, 441 p. : _bill., maps ; _c24 cm. |
||
| 526 |
_a0 _b0 _c0 _d551_410000000000000_MIT |
||
| 650 | 0 |
_aLandforms. _940363 |
|
| 942 |
_2ddc _cBK |
||
| 999 |
_c544684 _d544684 |
||